NRL Captain's 2025 - Statistics

General Stats
  • This quiz has been taken 374 times
  • The average score is 10 of 17
Answer Stats
Team Answer % Correct
Brisbane Broncos Adam Reynolds
94%
Manly Warringah Sea Eagles Daly Cherry-Evans
77%
Melbourne Storm Harry Grant
77%
Penrith Panthers Isaah Yeo
77%
Canterbury-Bankstown Bulldogs Stephen Crichton
77%
Sydney Roosters James Tedesco
74%
Newcastle Knights Kalyn Ponga
74%
Parramatta Eels Mitch Moses
66%
Canberra Raiders Joe Tapine
62%
St. George Illawarra Dragons Clint Gutherson
53%
South Sydney Rabbitohs Cameron Murray
49%
Gold Coast Titans Tino Fa'asuamaleaui
48%
Cronulla-Sutherland Sharks Cameron McInnes
45%
Wests Tigers Api Koroisau
40%
North Queensland Cowboys Reuben Cotter
40%
New Zealand Warriors Mitch Barnett
37%
Redcliffe Dolphins Tom Gilbert
33%
No matching quizzes found
Score Distribution
Percent of People with Each Score
Percentile by Number Answered
Your Score History
You have not taken this quiz